00726nab a2200205 uc450000100070000000500170000700800410002403500110006503500210007604000130009704100080011010000260011824501260014465000330027065000400030365000320034365000210037565000240039677301000042080696220240201185143.0030423s2002 spa  a806962 a(OCoLC)820023738 ccomduadb aspa10aCreis, Alex4auteaut10aNuevos planteamientos en cuanto a los derechos de autor en internet : opciones de financiacion para los proyectos net.art aDerechos de autor - Internet aInnovaciones tecnológicas en arte aFinanciación de proyectos aMercado del arte aInternet y comercio0 tArte, Individuo y Sociedad (Madrid)gVol. 14, Ene.-Dic. 2002, p. 151-157w9190x1131-559804817